Normal view
MARC view
Entry Topical Term
001 - CONTROL NUMBER
- control field: 673959
003 - CONTROL NUMBER IDENTIFIER
- control field: OSt
005 - DATE AND TIME OF LATEST TRANSACTION
- control field: 20221006160520.0
008 - FIXED-LENGTH DATA ELEMENTS
- fixed length control field: 221006|| aca||aabn | a|a d
040 ## - CATALOGING SOURCE
- Original cataloging agency: OSt
- Transcribing agency: OSt
150 ## - HEADING--TOPICAL TERM
- Topical term or geographic name entry element: End of empire - Maritime Asia 1960s
670 ## - SOURCE DATA FOUND
- Source citation: Work cat.: (OSt)1113456: Wills Jr. John E. 673958, Back out to sea after end of empire, 2014
